| 000 | 00807cam a22002531 4500 | ||
|---|---|---|---|
| 001 | 21793 | ||
| 003 | BD-RjUL | ||
| 005 | 20211209000729.0 | ||
| 008 | 140305t1953 nju b 000 0 eng | ||
| 035 | _a(BD-RjUL)21858 | ||
| 040 |
_aDLC _cDLC _dDLC _dBD-RjUL _beng |
||
| 041 | _aeng | ||
| 082 | 0 | 0 |
_a851.15 _bFED 1953 |
| 100 | 1 |
_aFergusson, Francis. _967291 |
|
| 245 | 1 | 0 |
_aDante's drama of the mind : _ba modern reading of the Purgatorio / _cby Francis Fergusson. |
| 260 |
_aPrinceton : _bPrinceton University Press, _cc1953. |
||
| 300 |
_ax, 232 p. ; _c23 cm. |
||
| 504 | _aBibliographical references included in "Notes" (p. 217-232) | ||
| 600 | 0 | 0 |
_aDante Alighieri, _d1265-1321. _967300 |
| 650 | 0 |
_aPurgatory in literature. _967293 |
|
| 942 |
_2ddc _cBK |
||
| 999 |
_c21793 _d21793 |
||